Blízkovýchodní studená válka a Obamův demokratizačný obrat

Zahraničnopolitická orientáca amerického prezidenta B. Obamu. Budovanie bilaterálnych vzťahov. Udržanie USA ako jedinej svetovej superveľmoci. Snaha o zachovanie unipolarity medzinárodných bezpečnostných vzťahov a prevencia rastu regionálnych mocností. Pragmatizmus amerického prezidenta a bilaterali...

ver descrição completa

Na minha lista:
Detalhes bibliográficos
Autor principal: Hoder, Lukáš
Formato: Capítulo de Livro
Idioma:tcheco
Assuntos:
Tags: Adicionar Tag
Sem tags, seja o primeiro a adicionar uma tag!

MARC

LEADER 00000naa a2200000 4500
001 0134243
005 20231016094523.9
041 0 |a cze 
044 |a CZ 
245 1 0 |a Blízkovýchodní studená válka a Obamův demokratizačný obrat  |c Lukáš Hoder 
520 |a Zahraničnopolitická orientáca amerického prezidenta B. Obamu. Budovanie bilaterálnych vzťahov. Udržanie USA ako jedinej svetovej superveľmoci. Snaha o zachovanie unipolarity medzinárodných bezpečnostných vzťahov a prevencia rastu regionálnych mocností. Pragmatizmus amerického prezidenta a bilateralizmus v zahraničnej politike. Vzťah USA k autoritatívnym režimom. Blízkovýchodná studená vojna. 
610 2 0 |a politika zahraničná 
610 2 0 |a politika medzinárodná 
610 2 0 |a vzťahy medzinárodné 
610 2 0 |a prezidenti 
610 2 0 |a Blízky východ 
610 2 0 |a USA 
100 1 |a Hoder, Lukáš